1824 1620 1394 1983 1306 1067 1878 1947 1646 1141 1470 1706 1082 1867 1864 1412 1276 1277 1298 1182 1515 1387 1133 1109 1817 1350 1722 1494 1213 1525 1565 1765 1970 1511 1302 1872 1943 1210 1592 1855 1570 1694 1261 1095 1548 1551 1558 1955 1358 1794 1158 1477 1924 1175 1005 1924 1236 1868 1806 1972 1584 1467 1838 1669 1887 1856 1127 1144 1018 1567 1351 1601 1108 1084 1431 1268 1577 1157 1157 1611 1289 1089 1799 1468 1555 1843 1526 1493 1912 1549 1632 1358 1554 1625 1342 1756 1703 1047 1080 BCNSPRNW ULIB Ver.6.0+V

เปลี่ยนเป็นภาษาไทย

Change to English
 แสดงรายละเอียดบรรณานุกรม
  กลับหน้าหลัก

Brief Record : Get Marc (ISO 2709) : E-mail record : QR code < ปิดหน้าต่าง
LEADER : 00000nam 2200000uu 4500
001    13399124068
003     ULIB
008    150109s2556||||th 000 0 tha d
020    ^a9786162793707
060  4 ^aWE258^bน811
100 0  ^aอภิชาติ อัศวมงคลกุล,^eบรรณาธิการ
245 00 ^aเนื้องอกกระดูกและเนื้อเยื่ออ่อน /^cบรรณาธิการ ; อภิชาติ อัศวมงคลกุล
250    ^aพิมพ์ครั้งที่ 1
260    ^aกรุงเทพฯ :^bโครงการตำรา-ศิริราช คณะแพทยศาสตร์โรงพยาบาลรามาธิบดี มหาวิทยาลัยมหิดล,^c2556.
300    ^a590หน้า :^bภาพประกอบ
650  7 ^aกระดูก^xการรักษา
650  7 ^aมะเร็งเนื้อเยื่อ
650  7 ^aมะเร็งกระดูก
710 1  ^aมหาวิทยาลัยมหิดล.^bคณะแพทยศาสตร์โรงพยาบาลรามาธิบดี.^bโครงการตำรารามาธิบดี.
945    ^p1800^l0^i038065
945    ^p1800^l0^i038066
945    ^p1800^l0^i038067
999    ^aเกษร โพธิ์สุวรรณ
รายการนี้ยังไม่มีแท็ก
คุณยังไม่ได้ล็อกอิน คุณสามารถมีกิจกรรมร่วมกับเว็บไซต์ได้ แต่ต้องล็อกอินก่อน ::
  ล็อกอิน

รายการสื่อสารสนเทศ

ลำดับที่ ประเภท เลขเรียก/บาร์โค้ด สถานที่ สถานะ
1. วิทยาศาสตร์การแพทย์ และสุขภาพ
หนังสือสำรอง
สถานะ=หนังสือสำรอง
WE258 น811 ฉ.1 
  Barcode: 038065
ห้องสมุดวิทยาเขตสวรรค์ประชารักษ์
►ส่วนจัดเก็บหนังสือเก่า สปร
บนชั้น
  ขอยืม
2. วิทยาศาสตร์การแพทย์ และสุขภาพ
วิทยาศาสตร์การแพทย์ และสุขภาพ
WE258 น811 ฉ.2 
  Barcode: 038066
ห้องสมุดวิทยาเขตสวรรค์ประชารักษ์
►ส่วนจัดเก็บหนังสือเก่า สปร
บนชั้น
  ขอยืม
3. วิทยาศาสตร์การแพทย์ และสุขภาพ
วิทยาศาสตร์การแพทย์ และสุขภาพ
WE258 น811 ฉ.3 
  Barcode: 038067
ห้องสมุดวิทยาเขตสวรรค์ประชารักษ์
►ส่วนจัดเก็บหนังสือเก่า สปร
บนชั้น
  ขอยืม

รายการใกล้เคียง
    หัวเรื่อง [มะเร็งเนื้อเยื่อ]
    หัวเรื่อง [มะเร็งกระดูก]

BibComment


ยังไม่เคยถูกคอมเมนท์

คอมเมนท์ทรัพยากรรายการนี้
  คอมเมนท์: เนื้องอกกระดูกแล..


 Copyright 2026. Bcnsprnw @Library